Library of the University of Algiers 3
Ibrahim Sultan Cheibout
شعار جامعة الجزائر 3
مكتبة جامعة الجزائر 3
إبراهيم سلطان شيبوط

لجبر المجرد / (رقم التسجيلة. 44355)

تفاصيل مارك
000 -LEADER
fixed length control field 01182nam a2200217Ia 4500
003 - CONTROL NUMBER IDENTIFIER
control field Ost
005 - DATE AND TIME OF LATEST TRANSACTION
control field 20260507075409.0
008 - FIXED-LENGTH DATA ELEMENTS--GENERAL INFORMATION
fixed length control field 260507s9999||||xx |||||||||||||| ||und||
020 ## - INTERNATIONAL STANDARD BOOK NUMBER
International Standard Book Number 69762749779
040 ## - CATALOGING SOURCE
Transcribing agency fsecg
041 ## - LANGUAGE CODE
Language code of text/sound track or separate title ara
082 ## - DEWEY DECIMAL CLASSIFICATION NUMBER
Classification number 330
100 ## - MAIN ENTRY--PERSONAL NAME
Personal name يوسف، حسن عبد الرحيم ذيب يوسف
Relator term مؤلف
245 #0 - TITLE STATEMENT
Title لجبر المجرد /
Statement of responsibility, etc. حسن عبد الرحيم ذيب يوسف يوسف
260 ## - PUBLICATION, DISTRIBUTION, ETC.
Place of publication, distribution, etc. القاهرة:
Name of publisher, distributor, etc. الشركة العربية المتحدة للتسويق والتوريدات,
Date of publication, distribution, etc. 2009
300 ## - PHYSICAL DESCRIPTION
Extent 415 صفحة؛
Other physical details إيضاحات ؛
Dimensions 24 سم
504 ## - BIBLIOGRAPHY, ETC. NOTE
Bibliography, etc. note المراجع .117
520 ## - SUMMARY, ETC.
Summary, etc. المقدمة -العملية الثنائية وخصائصها -الزمرة وخائصها الأولية - جدول الزمرة المنتهية وخصائصه -الزمرة الجزئية ومركز الزمرة -الزمرو الدورية وزمرها الجزئية- خلاصة - لمحة مسبقة عن الوحدة الدراسية الثانية -إجابات التدريبات وأسئلة التقويم الذاتي
700 ## - ADDED ENTRY--PERSONAL NAME
Personal name عامر، محمد على صالح
Relator term مؤلف ثانوي
942 ## - ADDED ENTRY ELEMENTS (KOHA)
Koha item type كتب
المقتنيات
Withdrawn status Lost status Source of classification or shelving scheme Damaged status Not for loan Home library Current library Date acquired Serial enumeration / chronology Inventory number Total checkouts Full call number Barcode Date last seen Price effective from Koha item type
    Dewey Decimal Classification   NOT LOAN / إعارة داخلية مكتبة كلية العلوم الإقتصادية والعلوم التجارية وعلوم التسيير مكتبة كلية العلوم الإقتصادية والعلوم التجارية وعلوم التسيير 07/05/2026 الطابق الأرضي 26808   أ/4418ن1 26808 07/05/2026 07/05/2026 كتب
    Dewey Decimal Classification   Available مكتبة كلية العلوم الإقتصادية والعلوم التجارية وعلوم التسيير مكتبة كلية العلوم الإقتصادية والعلوم التجارية وعلوم التسيير 07/05/2026 الطابق الأرضي 26809   أ/4418ن2 26809 07/05/2026 07/05/2026 كتب
    Dewey Decimal Classification   Available مكتبة كلية العلوم الإقتصادية والعلوم التجارية وعلوم التسيير مكتبة كلية العلوم الإقتصادية والعلوم التجارية وعلوم التسيير 07/05/2026 الطابق الثاني 26810   أ/4418ن3 26810 07/05/2026 07/05/2026 كتب

موارد الويب المفتوحة


© University of Algiers 3 All Rights Reserved
|
Implemented by LECHELAH Riad